000 06962cam a2201381 a 4500
999 _c55208
001 14179784
003 LIBRIS
005 20210113130805.0
008 130503s2013 sw |||||||||||000 f|swe|c
020 _a9789186629878
_qinb.
035 _a(BOKR)9789186629878
035 _a(Bo)521483
040 _aBOKR
_dTkb
_dS
_ea
041 1 _aswe
_heng
082 0 4 _a823.914
_223/swe
084 _aHcee.01
_2kssb/8
100 1 _aPeace, David,
_d1967-
_0https://libris.kb.se/xv8ck1ng2lz8599#it
240 1 0 _aNineteen eighty.
_lSvenska
245 1 0 _a1980 :
_b(tredje boken i Yorkshire-kvartetten) /
_cDavid Peace ; översättning: Rebecca Alsberg.
264 1 _aStockholm :
_bModernista,
_c2013
264 3 _aTyskland
300 _a457 s.
_c22 cm
340 _b22 cm
490 0 _aYorkshire-kvartetten ;
_v3
500 _aFörsta svenska upplaga 2013
500 _5Bo
_aAnnan upplaga kan finnas vid biblioteket
500 _5Li
_aPliktex
700 1 _aAlsberg, Rebecca,
_d1949-
_4trl
_0https://libris.kb.se/86lnqrbs3mn9v4q#it
800 1 _aPeace, David,
_d1967-.
_tRed Riding quartet.
_lSvenska ;
_v3
887 _a{"@id":"4nglmmrg416cthf","modified":"2016-04-04T13:38:45+02:00","checksum":"65316775409"}
_2librisxl
887 _a{"@id":"z39tfsr423xwtts","modified":"2013-08-13T13:07:52+02:00","checksum":"88715932000"}
_2librisxl
887 _a{"@id":"7clh82fd0n77z2j","modified":"2016-01-25T13:31:22+01:00","checksum":"85407946480"}
_2librisxl
887 _a{"@id":"pt1khn7v3vsp7df","modified":"2013-09-17T16:39:15+02:00","checksum":"89896177300"}
_2librisxl
887 _a{"@id":"ns0m35ct0n71zlr","modified":"2014-04-01T12:22:41+02:00","checksum":"86536149996"}
_2librisxl
887 _a{"@id":"lqxg1hwr0wqrjst","modified":"2013-08-02T11:31:42+02:00","checksum":"82721566458"}
_2librisxl
887 _a{"@id":"fkr9wpfl3wz1dl2","modified":"2013-08-06T20:47:15+02:00","checksum":"81784085419"}
_2librisxl
887 _a{"@id":"glscq9km2nrg7th","modified":"2013-11-18T15:31:15+01:00","checksum":"111757211480"}
_2librisxl
887 _a{"@id":"z39tqk642zk62cj","modified":"2013-09-10T10:36:03+02:00","checksum":"91222631514"}
_2librisxl
887 _a{"@id":"pt1k5wbv4rmzpgz","modified":"2013-08-05T15:31:24+02:00","checksum":"82219021576"}
_2librisxl
887 _a{"@id":"7ck3t1qd0krjd70","modified":"2013-08-24T08:07:21+02:00","checksum":"85826545954"}
_2librisxl
887 _a{"@id":"26dxrw771k2k1zs","modified":"2013-09-04T15:04:25+02:00","checksum":"92306226589"}
_2librisxl
887 _a{"@id":"hmtf6hpn3frpq0m","modified":"2014-03-03T15:36:59+01:00","checksum":"79014159950"}
_2librisxl
887 _a{"@id":"glsb049m1d7mkd7","modified":"2013-08-19T14:29:12+02:00","checksum":"88107847015"}
_2librisxl
887 _a{"@id":"7ck3pkfd4fdr5rb","modified":"2013-08-27T15:28:28+02:00","checksum":"82916250495"}
_2librisxl
887 _a{"@id":"sx4n94mz1xwp0f2","modified":"2013-08-28T17:06:10+02:00","checksum":"84268976214"}
_2librisxl
887 _a{"@id":"jnvdnh7p43k82q0","modified":"2013-10-31T08:09:21+01:00","checksum":"91122984399"}
_2librisxl
887 _a{"@id":"26dz8t670pqgskg","modified":"2014-12-09T11:41:01+01:00","checksum":"84373694467"}
_2librisxl
887 _a{"@id":"lqxg6h8r4gsz85z","modified":"2013-09-10T11:24:42+02:00","checksum":"76739160904"}
_2librisxl
887 _a{"@id":"7ck26v5d0tfdqn2","modified":"2013-08-28T12:28:44+02:00","checksum":"85056588194"}
_2librisxl
887 _a{"@id":"chq5xprj1k009l8","modified":"2018-02-21T12:18:11+01:00","checksum":"90156126997"}
_2librisxl
887 _a{"@id":"hmtdr12n2l70nx1","modified":"2013-11-14T13:12:49+01:00","checksum":"44422744480"}
_2librisxl
887 _a{"@id":"djq867tk58l4kg4","modified":"2013-09-17T08:56:27+02:00","checksum":"83704455350"}
_2librisxl
887 _a{"@id":"glt580pm26lw7f1","modified":"2017-11-02T14:27:42+01:00","checksum":"89610090601"}
_2librisxl
887 _a{"@id":"59h1p9lb44k7h1d","modified":"2013-08-19T19:54:33+02:00","checksum":"79594138888"}
_2librisxl
887 _a{"@id":"26dxjz7739r109x","modified":"2013-08-13T16:10:28+02:00","checksum":"88502634793"}
_2librisxl
887 _a{"@id":"chp7tp7j3hst0ff","modified":"2013-08-28T17:07:18+02:00","checksum":"87948355295"}
_2librisxl
887 _a{"@id":"8dl4bzhf0b6qrnk","modified":"2013-10-29T10:38:26+01:00","checksum":"88451474519"}
_2librisxl
887 _a{"@id":"mrzpfwqs0fnbr1s","modified":"2014-12-02T15:40:18+01:00","checksum":"84249084223"}
_2librisxl
942 _2z
_cBOOK
949 _5G
_66000053565
_a13/1229
_s7500
_tYNNNN